000 00944cam a2200289 i 4500
001 407808
003 OSt
005 20230619130350.0
008 800605s1979 ii b 001 0 eng
010 _a 79907268
020 _cRs70.00
040 _aDLC
_cDLC
_dDLC
043 _aa-ii---
082 0 0 _a301
_bSRI
245 0 4 _aThe Fieldworker and the field :
_bproblems and challenges in sociological investigation /
_cedited by M.N. Srinivas, A.M. Shah, E.A. Ramaswamy.
260 _aDelhi :
_bOxford University Press,
_c1979.
300 _axii, 288 p. ;
_c23 cm.
504 _aIncludes bibliographies and index.
650 0 _aSociology
_xMethodology.
650 0 _aSocial sciences
_xFieldwork.
650 0 _aSocial sciences
_xFieldwork
_zIndia.
700 1 _aSrinivas, Mysore Narasimhachar.
700 1 _aShah, A. M.,
_d1931-2020.
700 1 _aRamaswamy, E. A.
906 _a7
_bcbc
_corignew
_d4
_encip
_f19
_gy-gencatlg
942 _2ddc
_cBK
999 _c1299
_d1299